UM Logo

Metacognitive strategy use and academic reading comprehension of 3rd year criminology/ (Record no. 10941)

MARC details
000 -LEADER
fixed length control field 00665nam a22001697a 4500
008 - FIXED-LENGTH DATA ELEMENTS--GENERAL INFORMATION
fixed length control field 180927b ||||| |||| 00| 0 eng d
082 ## - DEWEY DECIMAL CLASSIFICATION NUMBER
Edition number 2018
Classification number UT 1042
Item number D26
100 ## - MAIN ENTRY--PERSONAL NAME
9 (RLIN) 31785
Personal name Daugdaug, Edsel Jay B.
245 ## - TITLE STATEMENT
Title Metacognitive strategy use and academic reading comprehension of 3rd year criminology/
Statement of responsibility, etc. Edsel Jay B. Daugdaug, Chrysstle Joy Labesto and Judy Ann M. Buca.
260 ## - PUBLICATION, DISTRIBUTION, ETC. (IMPRINT)
Place of publication, distribution, etc. Digos City:
Name of publisher, distributor, etc. UMDC
Date of publication, distribution, etc. March 2018.
300 ## - PHYSICAL DESCRIPTION
Extent 57 pages;
Other physical details 29 cm.
650 #0 - SUBJECT ADDED ENTRY--TOPICAL TERM
9 (RLIN) 31787
Topical term or geographic name as entry element Education.
Form subdivision English
General subdivision Undergraduate thesis.
700 ## - ADDED ENTRY--PERSONAL NAME
9 (RLIN) 31790
Personal name Daugdaug, Edsel Jay B.
700 ## - ADDED ENTRY--PERSONAL NAME
9 (RLIN) 31791
Personal name Labesto, Chrysstle Joy.
700 ## - ADDED ENTRY--PERSONAL NAME
9 (RLIN) 31793
Personal name Buca, Judy Ann M.
942 ## - ADDED ENTRY ELEMENTS (KOHA)
Source of classification or shelving scheme Dewey Decimal Classification
Koha item type Undergraduate Thesis
Holdings
Withdrawn status Lost status Source of classification or shelving scheme Damaged status Not for loan Home library Current library Date acquired Total Checkouts Full call number Barcode Date last seen Price effective from Koha item type Copy number
    Dewey Decimal Classification     UM Digos College - LIC UM Digos College - LIC 09/24/2018   UT 1042 D26 2018 1042 05/15/2025 09/27/2018 Undergraduate Thesis  
    Dewey Decimal Classification     UM Digos College - LIC UM Digos College - LIC 06/13/2019   UT 1260 D26 2018 UT1260 06/13/2019 06/13/2019 Undergraduate Thesis 2